A fair land to build in : (Record no. 27077)

000 -LEADER
fixed length control field 01134cam a2200301 a 4500
001 - CONTROL NUMBER
control field 2392686
003 - CONTROL NUMBER IDENTIFIER
control field OSt
005 - DATE AND TIME OF LATEST TRANSACTION
control field 20170207113358.0
008 - FIXED-LENGTH DATA ELEMENTS--GENERAL INFORMATION
fixed length control field 850913s1984 nyua 001 0 eng
010 ## - LIBRARY OF CONGRESS CONTROL NUMBER
LC control number 85147321
020 ## - INTERNATIONAL STANDARD BOOK NUMBER
International Standard Book Number 0942000048 (pbk.)
040 ## - CATALOGING SOURCE
Original cataloging agency DLC
Transcribing agency DLC
Modifying agency DLC
043 ## - GEOGRAPHIC AREA CODE
Geographic area code n-us-ny
050 00 - LIBRARY OF CONGRESS CALL NUMBER
Classification number NA730.N4
Item number G54 1984
082 00 - DEWEY DECIMAL CLASSIFICATION NUMBER
Classification number 720/.9747
Edition number 19
100 1# - MAIN ENTRY--PERSONAL NAME
Personal name Gill, Brendan,
Dates associated with a name 1914-1997.
245 12 - TITLE STATEMENT
Title A fair land to build in :
Remainder of title the architecture of the Empire State /
Statement of responsibility, etc. Brendan Gill.
250 ## - EDITION STATEMENT
Edition statement 1st ed.
260 ## - PUBLICATION, DISTRIBUTION, ETC. (IMPRINT)
Place of publication, distribution, etc. Albany, N.Y. :
Name of publisher, distributor, etc. Preservation League of New York State,
Date of publication, distribution, etc. c1984.
300 ## - PHYSICAL DESCRIPTION
Extent 60 p. :
Other physical details ill. ;
Dimensions 27 cm.
500 ## - GENERAL NOTE
General note 'Based on a film of the same name written and narrated by Brendan Gill for the Preservation League of New York State"--T.p. verso.
500 ## - GENERAL NOTE
General note Includes index.
650 #0 - SUBJECT ADDED ENTRY--TOPICAL TERM
Topical term or geographic name as entry element Architecture
Geographic subdivision New York (State)
710 2# - ADDED ENTRY--CORPORATE NAME
Corporate name or jurisdiction name as entry element Preservation League of New York State.
730 0# - ADDED ENTRY--UNIFORM TITLE
Uniform title Fair land to build in (Motion picture)
906 ## - LOCAL DATA ELEMENT F, LDF (RLIN)
a 7
b cbc
c orignew
d 3
e ncip
f 19
g y-gencatlg
942 ## - ADDED ENTRY ELEMENTS (KOHA)
Source of classification or shelving scheme
Koha item type Hard Covered Materials
Classification part NA 730 .N4G54 1984
Holdings
Withdrawn status Lost status Source of classification or shelving scheme Damaged status Not for loan Home library Current library Shelving location Date acquired Source of acquisition Total Checkouts Full call number Barcode Date last seen Price effective from Koha item type
          MACHAKOS UNIVERSITY LIBRARY MACHAKOS UNIVERSITY LIBRARY Technical section 07/02/2017 Donation (BFA)   NA 730 .N4G54 1984 34741 11/07/2018 07/02/2017 Hard Covered Materials
© Machakos University Library, Along The Highway, Machakos Wote Rd, Machakos, Kenya P.O. Box 136 - 90100 Machakos - Kenya

Tel: ( +254 ) 723 805829 OR Fax : 044-20353 OR Email: library@mksu.ac.ke